[Event "Wch Blitz"]
[Site "Samarkand"]
[Date "2023.12.30"]
[Round "17"]
[White "Kakabayaev, Mergen"]
[Black "Gallego Alcaraz, Andres Felipe"]
[Result "0-1"]
[WhiteElo "2266"]
[BlackElo "2486"]
[PlyCount "123"]
[EventDate "2023.12.29"]
[EventType "swiss (blitz)"]
[EventRounds "21"]
[EventCountry "UZB"]
[SourceTitle "CBM 217 Extra"]
[Source "ChessBase"]
[SourceDate "2024.01.31"]
[SourceVersion "1"]
[SourceVersionDate "2024.01.31"]
[SourceQuality "1"]

1. e4 c5 2. Nf3 Nc6 3. d4 cxd4 4. Nxd4 Nf6 5. Nc3 d6 6. f3 e5 7. Nb3 Be7 8. Be3 0-0 9. Qd2 a5 10. Bb5 Be6 11. Nd5 Bxd5 12. exd5 Nb8 13. a4 Nbd7 14. 0-0 h6 15. Kh1 Qc7 16. c4 Nc5 17. Nxc5 dxc5 18. Qd3 Bd6 19. Qf5 Nh7 20. Rae1 Rad8 21. Bf2 g6 22. Qd3 f5 23. Bg3 Rf7 24. Re2 Re7 25. Rfe1 Ng5 26. Qc3 Nf7 27. Bh4 g5 28. Bg3 e4 29. fxe4 f4 30. Bf2 Ne5 31. Qh3 Kg7 32. Rf1 Rf8 33. Be1 Ref7 34. Bc3 Kg6 35. Bxe5 Bxe5 36. b3 h5 37. Qd3 Qd6 38. Ref2 g4 39. Qc2 Rf6 40. Qd3 Kg5 41. Qd2 Kg6 42. Qd3 Kg7 43. Qc2 Bd4 44. Rd2 Qe5 45. Qd3 f3 46. g3 f2 47. Re2 Rf3 48. Qd2 Rxb3 49. d6 Rb2 50. Qd1 Rxe2 51. Qxe2 Qxd6 52. Kg2 Qe5 53. Bd7 Rf3 54. Bf5 Rb3 55. Qd2 Qf6 56. Qf4 Qe7 57. Qb8 Rb2 58. Qc8 Re2 59. Be6 Qf8 60. Qd7+ Kh6 61. Bf5 Qg7 62. Qxb7 0-1

[Event "Wch Blitz"]
[Site "Samarkand"]
[Date "2023.12.30"]
[Round "21"]
[White "Khusenkhojaev, Mustafokhuja"]
[Black "Gallego Alcaraz, Andres Felipe"]
[Result "1-0"]
[WhiteElo "2298"]
[BlackElo "2486"]
[PlyCount "89"]
[EventDate "2023.12.29"]
[EventType "swiss (blitz)"]
[EventRounds "21"]
[EventCountry "UZB"]
[SourceTitle "CBM 217 Extra"]
[Source "ChessBase"]
[SourceDate "2024.01.31"]
[SourceVersion "1"]
[SourceVersionDate "2024.01.31"]
[SourceQuality "1"]

1. d4 Nf6 2. c4 g6 3. Nc3 Bg7 4. Nf3 0-0 5. g3 d6 6. Bg2 Nc6 7. 0-0 e5 8. d5 Ne7 9. e4 c5 10. Ne1 Kh8 11. Nd3 Nfg8 12. f4 f6 13. Be3 Nh6 14. h3 Bd7 15. Qd2 Nf7 16. Rf2 a6 17. a4 b6 18. Raf1 Ng8 19. f5 Bh6 20. g4 Bxe3 21. Qxe3 g5 22. Ne1 Qe7 23. Nf3 b5 24. axb5 axb5 25. cxb5 Rfb8 26. h4 h6 27. hxg5 hxg5 28. Nd2 Kg7 29. Bf3 Bxb5 30. Nxb5 Rxb5 31. Nc4 Rb4 32. Be2 Ngh6 33. Qh3 Raa4 34. Rh2 Rxc4 35. b3 Rxe4 36. bxa4 Rxa4 37. Qh5 Kf8 38. Rb1 Rb4 39. Ra1 Rb8 40. Qg6 Ng8 41. Rh7 e4 42. Qg7+ Ke8 43. Qxg8+ Qf8 44. Qxf8+ Kxf8 45. Ra7 1-0

[Event "Wch Blitz"]
[Site "Samarkand"]
[Date "2023.12.29"]
[Round "9"]
[White "Gallego Alcaraz, Andres Felipe"]
[Black "Chinguun, Sumiya"]
[Result "0-1"]
[WhiteElo "2486"]
[BlackElo "2319"]
[PlyCount "100"]
[EventDate "2023.12.29"]
[EventType "swiss (blitz)"]
[EventRounds "21"]
[EventCountry "UZB"]
[SourceTitle "CBM 217 Extra"]
[Source "ChessBase"]
[SourceDate "2024.01.31"]
[SourceVersion "1"]
[SourceVersionDate "2024.01.31"]
[SourceQuality "1"]

1. d4 Nf6 2. c4 g6 3. Nc3 Bg7 4. Nf3 0-0 5. g3 d6 6. Bg2 c6 7. 0-0 Bf5 8. b3 Ne4 9. Bb2 Nxc3 10. Bxc3 Be4 11. Qd2 d5 12. Rfd1 Nd7 13. Bh3 Bxf3 14. exf3 Nf6 15. a4 Re8 16. a5 e6 17. Qc2 Rc8 18. Qb2 Qd7 19. Re1 Red8 20. Rad1 Qc7 21. Bg2 Ne8 22. Bf1 Nd6 23. Bd3 Ne8 24. h4 h5 25. c5 Nf6 26. a6 Rb8 27. axb7 Qxb7 28. Bc2 Nd7 29. f4 Ra8 30. Ra1 Rdb8 31. Ra5 Qc7 32. Rea1 Rb7 33. b4 Rab8 34. Qa3 Ra8 35. Bd3 Nf6 36. Qa4 Ng4 37. Ra6 Rab8 38. Rxc6 Qe7 39. b5 Bh6 40. Bd2 Qf6 41. Ra6 Bg7 42. c6 Rc7 43. Rxa7 Rxa7 44. Qxa7 Qxd4 45. Qxb8+ Kh7 46. Rf1 Qxd3 47. c7 Bd4 48. Kg2 Qe4+ 49. Kg1 Qf3 50. Be3 Bxe3 0-1

[Event "Wch Blitz"]
[Site "Samarkand"]
[Date "2023.12.29"]
[Round "4"]
[White "Xu, Xiangyu"]
[Black "Gallego Alcaraz, Andres Felipe"]
[Result "1-0"]
[WhiteElo "2623"]
[BlackElo "2486"]
[PlyCount "59"]
[EventDate "2023.12.29"]
[EventType "swiss (blitz)"]
[EventRounds "21"]
[EventCountry "UZB"]
[SourceTitle "CBM 217 Extra"]
[Source "ChessBase"]
[SourceDate "2024.01.31"]
[SourceVersion "1"]
[SourceVersionDate "2024.01.31"]
[SourceQuality "1"]

1. d4 Nf6 2. c4 g6 3. Nc3 Bg7 4. e4 d6 5. Be2 0-0 6. Be3 Nbd7 7. Nf3 e5 8. d5 Ng4 9. Bg5 f6 10. Bh4 Nh6 11. Nd2 g5 12. Bg3 f5 13. f3 f4 14. Bf2 Nf6 15. c5 Nf7 16. Nc4 h5 17. Qc2 g4 18. 0-0-0 Qe7 19. cxd6 cxd6 20. Kb1 Bd7 21. Qb3 Rfb8 22. Nb5 Bxb5 23. Qxb5 Qe8 24. Qb4 Qd7 25. Rc1 Bf8 26. Na5 Nd8 27. Rc2 Rc8 28. Rhc1 Rxc2 29. Rxc2 Be7 30. Bb5 1-0

[Event "Wch Rapid"]
[Site "Samarkand"]
[Date "2023.12.27"]
[Round "6"]
[White "Bogdan, David"]
[Black "Gallego Alcaraz, Andres Felipe"]
[Result "0-1"]
[WhiteElo "1671"]
[BlackElo "2486"]
[PlyCount "70"]
[EventDate "2023.12.26"]
[EventType "swiss (rapid)"]
[EventRounds "13"]
[EventCountry "UZB"]
[SourceTitle "CBM 217 Extra"]
[Source "ChessBase"]
[SourceDate "2024.01.31"]
[SourceVersion "1"]
[SourceVersionDate "2024.01.31"]
[SourceQuality "1"]

1. e4 e6 2. d4 d5 3. e5 c5 4. c3 Nc6 5. Nf3 Nh6 6. h3 Bd7 7. a3 f6 8. exf6 Qxf6 9. Bg5 Qf7 10. Bb5 Bd6 11. 0-0 cxd4 12. cxd4 Nf5 13. Re1 h6 14. Be3 0-0 15. Bd3 Ncxd4 16. Bxd4 Nxd4 17. Bh7+ Kxh7 18. Qxd4 Qf4 19. Qd3+ Kg8 20. Nc3 Rae8 21. Red1 Bc6 22. b4 a6 23. Ne2 Qf7 24. Ned4 Bd7 25. Nb3 Bb5 26. Qd4 Be2 27. Qe3 Bxf3 28. gxf3 Qxf3 29. Rd3 Qh5 30. Nd4 Rf6 31. Ne2 Ref8 32. Rf1 Rg6+ 33. Kh1 Rf5 34. Ng1 Rf4 35. Rd4 Qg5 0-1

[Event "Wch Rapid"]
[Site "Samarkand"]
[Date "2023.12.27"]
[Round "7"]
[White "Gallego Alcaraz, Andres Felipe"]
[Black "Orozbaev, Eldiar"]
[Result "0-1"]
[WhiteElo "2486"]
[BlackElo "2305"]
[PlyCount "95"]
[EventDate "2023.12.26"]
[EventType "swiss (rapid)"]
[EventRounds "13"]
[EventCountry "UZB"]
[SourceTitle "CBM 217 Extra"]
[Source "ChessBase"]
[SourceDate "2024.01.31"]
[SourceVersion "1"]
[SourceVersionDate "2024.01.31"]
[SourceQuality "1"]

1. d4 d5 2. Nf3 Nf6 3. c4 dxc4 4. e3 a6 5. Bxc4 b5 6. Bb3 e6 7. 0-0 Bb7 8. Qe2 c5 9. Rd1 Nbd7 10. a4 c4 11. Bc2 b4 12. Nbd2 c3 13. Nb3 Ne4 14. Ne1 Bd6 15. f3 Bxh2+ 16. Kxh2 Qh4+ 17. Kg1 Ng3 18. Qd3 Qh1+ 19. Kf2 Qh4 20. Kg1 Qh1+ 21. Kf2 Qh4 22. Kg1 a5 23. bxc3 bxc3 24. Nc5 Nxc5 25. dxc5 0-0 26. Qxh7+ Qxh7 27. Bxh7+ Kxh7 28. Kf2 Nh1+ 29. Kg1 Ng3 30. e4 Rfd8 31. Be3 Bc6 32. Rd6 Rxd6 33. cxd6 Rd8 34. Bc5 f5 35. e5 Rb8 36. Kf2 f4 37. Nd3 g5 38. Rc1 Rb3 39. Bd4 c2 40. Nb2 Nf5 41. Rxc2 Nxd4 42. Rd2 Nf5 43. d7 Bxd7 44. Rxd7+ Kg6 45. Rd2 Ne3 46. Kg1 Kf5 47. Nd3 Rb1+ 48. Kf2 0-1

[Event "Wch Rapid"]
[Site "Samarkand"]
[Date "2023.12.26"]
[Round "3"]
[White "Gallego Alcaraz, Andres Felipe"]
[Black "Xie, Felix"]
[Result "1/2-1/2"]
[WhiteElo "2486"]
[BlackElo "2244"]
[PlyCount "100"]
[EventDate "2023.12.26"]
[EventType "swiss (rapid)"]
[EventRounds "13"]
[EventCountry "UZB"]
[SourceTitle "CBM 217 Extra"]
[Source "ChessBase"]
[SourceDate "2024.01.31"]
[SourceVersion "1"]
[SourceVersionDate "2024.01.31"]
[SourceQuality "1"]

1. d4 Nf6 2. Nf3 g6 3. c4 Bg7 4. Nc3 d5 5. e3 0-0 6. Bd2 c5 7. dxc5 Na6 8. cxd5 Nxc5 9. Bc4 a6 10. a4 b6 11. Qe2 Bb7 12. e4 b5 13. axb5 axb5 14. Rxa8 Qxa8 15. Bxb5 Qa1+ 16. Nd1 Ncxe4 17. 0-0 Nxd2 18. Qxd2 Bxd5 19. Nc3 Qa8 20. Nxd5 Qxd5 21. Qxd5 Nxd5 22. b3 Rb8 23. Bc4 Nb6 24. h4 Rc8 25. Rc1 e6 26. Kf1 Kf8 27. Ke2 Ke7 28. Rc2 h6 29. g3 Rb8 30. Ra2 Nxc4 31. bxc4 Rb4 32. Ra7+ Ke8 33. Nd2 Bd4 34. Ra3 Rb2 35. f4 Ke7 36. Kd3 Bc5 37. Rc3 f5 38. Rc2 Rxc2 39. Kxc2 Bf2 40. Nf1 Kd6 41. Kd3 Kc5 42. Ke2 Bd4 43. Kd3 e5 44. fxe5 Bxe5 45. h5 gxh5 46. Ne3 Bxg3 47. Nxf5 h4 48. Nxh6 h3 49. Ng4 h2 50. Nxh2 Bxh2 1/2-1/2

[Event "Wch Rapid"]
[Site "Samarkand"]
[Date "2023.12.26"]
[Round "2"]
[White "Giri, Anish"]
[Black "Gallego Alcaraz, Andres Felipe"]
[Result "1-0"]
[WhiteElo "2754"]
[BlackElo "2486"]
[PlyCount "89"]
[EventDate "2023.12.26"]
[EventType "swiss (rapid)"]
[EventRounds "13"]
[EventCountry "UZB"]
[SourceTitle "CBM 217 Extra"]
[Source "ChessBase"]
[SourceDate "2024.01.31"]
[SourceVersion "1"]
[SourceVersionDate "2024.01.31"]
[SourceQuality "1"]

1. d4 Nf6 2. c4 g6 3. Nc3 d5 4. cxd5 Nxd5 5. e4 Nxc3 6. bxc3 Bg7 7. Bc4 c5 8. Ne2 Nc6 9. Be3 0-0 10. 0-0 b6 11. Rc1 Bb7 12. Bb5 Qc7 13. Bf4 e5 14. Bg3 Na5 15. d5 c4 16. Kh1 Rad8 17. f4 exf4 18. Bxf4 Qe7 19. Ng3 Qa3 20. Qa4 Qxa4 21. Bxa4 f6 22. Bc7 Rc8 23. Bd6 Rf7 24. Bb4 Bf8 25. Ne2 f5 26. Nd4 fxe4 27. Rxf7 Kxf7 28. Rf1+ Kg8 29. Bd7 Bxb4 30. cxb4 Rd8 31. Ne6 Rb8 32. bxa5 Bxd5 33. axb6 axb6 34. Nf4 Bf7 35. Kg1 b5 36. a3 Kg7 37. Ne2 b4 38. axb4 Rxb4 39. Kf2 Rb2 40. Bc6 c3 41. Bxe4 Bc4 42. Re1 Kf6 43. Ke3 c2 44. Nd4 Bb3 45. Rc1 1-0

[Event "COL-chT"]
[Site "Risaralda"]
[Date "2023.11.22"]
[Round "6.2"]
[White "Gallego Alcaraz, Andres Felipe"]
[Black "Hernandez Jimenez, Jeronimo"]
[Result "1-0"]
[WhiteElo "2495"]
[BlackElo "2173"]
[PlyCount "35"]
[EventDate "2023.11.19"]
[EventType "team-swiss"]
[EventRounds "7"]
[EventCountry "COL"]
[SourceTitle "CBM 217 Extra"]
[Source "ChessBase"]
[SourceDate "2024.01.31"]
[SourceVersion "1"]
[SourceVersionDate "2024.01.31"]
[SourceQuality "1"]
[WhiteTeam "Valle"]
[BlackTeam "Cundinamarca"]
[WhiteTeamCountry "COL"]
[BlackTeamCountry "COL"]

1. d4 Nf6 2. c4 e6 3. Nf3 d5 4. g3 dxc4 5. Bg2 a6 6. Ne5 Bb4+ 7. Nc3 Nd5 8. 0-0 0-0 9. Qc2 Bxc3 10. bxc3 b5 11. a4 Bb7 12. Rb1 c6 13. Ba3 Re8 14. Nxc4 a5 15. e4 Nf6 16. Nd6 Re7 17. e5 Nd5 18. c4 1-0

[Event "COL-chT"]
[Site "Risaralda"]
[Date "2023.11.19"]
[Round "2.3"]
[White "Araque, Rafael"]
[Black "Gallego Alcaraz, Andres Felipe"]
[Result "0-1"]
[WhiteElo "2146"]
[BlackElo "2495"]
[PlyCount "96"]
[EventDate "2023.11.19"]
[EventType "team-swiss"]
[EventRounds "7"]
[EventCountry "COL"]
[SourceTitle "CBM 217 Extra"]
[Source "ChessBase"]
[SourceDate "2024.01.31"]
[SourceVersion "1"]
[SourceVersionDate "2024.01.31"]
[SourceQuality "1"]
[WhiteTeam "Boyaca"]
[BlackTeam "Valle"]
[WhiteTeamCountry "COL"]
[BlackTeamCountry "COL"]

1. d4 Nf6 2. c4 g6 3. Nc3 d5 4. cxd5 Nxd5 5. e4 Nxc3 6. bxc3 Bg7 7. Be3 c5 8. Bc4 Nc6 9. Ne2 0-0 10. Rc1 b6 11. Qd2 Bb7 12. h4 Na5 13. Bd3 cxd4 14. cxd4 Rc8 15. h5 Rxc1+ 16. Qxc1 Qc8 17. 0-0 Qd7 18. h6 Rc8 19. Qb2 Bf8 20. Rc1 e6 21. f3 Rxc1+ 22. Bxc1 Qa4 23. Kf2 Nc4 24. Bxc4 Qxc4 25. Be3 Ba6 26. Ng3 f6 27. f4 Bxh6 28. d5 Kf7 29. dxe6+ Qxe6 30. f5 Bxe3+ 31. Kxe3 Qd6 32. Kf3 Bc4 33. Qc1 Qd3+ 34. Kf2 Qd4+ 35. Kf3 Kg7 36. fxg6 hxg6 37. Qa3 b5 38. Qe7+ Kh6 39. a3 Kg5 40. Qc7 Qe5 41. Qxe5+ fxe5 42. Nh1 a5 43. Nf2 a4 44. Nd1 b4 45. axb4 a3 46. Nc3 a2 47. Nxa2 Bxa2 48. b5 Bc4 0-1

[Event "Bayern-chI Bank Hofmann 26th"]
[Site "Tegernsee"]
[Date "2023.11.05"]
[Round "9"]
[White "Raupp, Thomas"]
[Black "Gallego Alcaraz, Andres Felipe"]
[Result "1/2-1/2"]
[WhiteElo "2239"]
[BlackElo "2495"]
[PlyCount "230"]
[EventDate "2023.10.28"]
[EventType "swiss"]
[EventRounds "9"]
[EventCountry "GER"]
[SourceTitle "CBM 217 Extra"]
[Source "ChessBase"]
[SourceDate "2024.01.31"]
[SourceVersion "1"]
[SourceVersionDate "2024.01.31"]
[SourceQuality "1"]

1. d4 Nf6 2. c4 g6 3. Nc3 Bg7 4. e4 d6 5. Be2 0-0 6. Be3 Na6 7. Nf3 e5 8. d5 Ng4 9. Bg5 f6 10. Bh4 Nh6 11. Nd2 g5 12. Bg3 f5 13. exf5 Nxf5 14. Nde4 b6 15. 0-0 Nc5 16. b4 Nxe4 17. Nxe4 a5 18. a3 axb4 19. axb4 Rxa1 20. Qxa1 g4 21. Qd1 h5 22. h3 Nxg3 23. fxg3 Bh6 24. Rxf8+ Qxf8 25. Qf1 Be3+ 26. Kh2 Qxf1 27. Bxf1 Bf5 28. Bd3 b5 29. cxb5 Kf8 30. Bb1 Ke7 31. Bd3 Bg6 32. Kh1 Bd4 33. Kh2 Be8 34. Kh1 Bd7 35. Kh2 Be3 36. Bc4 Bc1 37. Be2 Bf5 38. Bd3 Be3 39. Bb1 Kf8 40. Bd3 Kg7 41. Bb1 Bc1 42. Bd3 Ba3 43. hxg4 hxg4 44. Kg1 Bxb4 45. Kf2 Kh6 46. Ke2 Ba5 47. Ke3 Bb6+ 48. Ke2 Bg6 49. Bc2 Bf7 50. Bb3 Kg6 51. Bc2 Kg7 52. Bb3 Bd4 53. Ba2 Be8 54. Bc4 Bd7 55. Bd3 Bb6 56. Bc4 Ba5 57. Bd3 Bb4 58. Bc4 Ba3 59. Bd3 Kf7 60. Bc4 Ke7 61. Bd3 Bc1 62. Kd1 Bh6 63. Ke2 Bg7 64. Kd2 Bc8 65. Ke2 Bf8 66. Bc2 Kf7 67. Ng5+ Kg7 68. Ne4 Be7 69. Ke3 Bd7 70. Bd3 Kf7 71. Be2 Bf5 72. Bd3 Bc8 73. Bc2 Kg7 74. Bd1 Bd8 75. Bc2 Bb7 76. Bb3 Kg6 77. Bc2 Kg7 78. Bb3 Bc8 79. Bc2 Bd7 80. Bd3 Be7 81. Be2 Kg6 82. Bd3 Kh6 83. Ke2 Be8 84. Ke3 Bf7 85. Bc4 Kg6 86. Bd3 Kg7 87. Bc4 Kf8 88. Nf2 Bg5+ 89. Ke2 Ke7 90. Ne4 Bh6 91. Bb3 Kd7 92. Kd3 Kc8 93. b6 Bg6 94. bxc7 Kxc7 95. Bc2 Bf5 96. Kc4 Bc8 97. Bd3 Be3 98. Kb5 Bd7+ 99. Kb4 Bd4 100. Bb5 Bf5 101. Bd3 Kb6 102. Kc4 Bc8 103. Kb4 Bb7 104. Bc4 Be3 105. Ka4 Bc5 106. Kb3 Bc8 107. Be2 Bf5 108. Bd3 Bd7 109. Bc4 Ka5 110. Nf6 Bf5 111. Be2 Bd4 112. Kc4 Bf2 113. Bxg4 Bb1 114. Bf3 Bxg3 115. Ne4 Bxe4 1/2-1/2

[Event "Bayern-chI Bank Hofmann 26th"]
[Site "Tegernsee"]
[Date "2023.11.03"]
[Round "7"]
[White "Gallego Alcaraz, Andres Felipe"]
[Black "Lerchl, Clemens"]
[Result "1-0"]
[WhiteElo "2495"]
[BlackElo "1850"]
[PlyCount "57"]
[EventDate "2023.10.28"]
[EventType "swiss"]
[EventRounds "9"]
[EventCountry "GER"]
[SourceTitle "CBM 217 Extra"]
[Source "ChessBase"]
[SourceDate "2024.01.31"]
[SourceVersion "1"]
[SourceVersionDate "2024.01.31"]
[SourceQuality "1"]

1. d4 Nf6 2. c4 c5 3. d5 b5 4. Qc2 bxc4 5. e4 d6 6. Bxc4 g6 7. Nf3 Bg7 8. 0-0 0-0 9. h3 Nbd7 10. Bd2 Nb6 11. Na3 Rb8 12. Rfe1 Ne8 13. Ba5 Nc7 14. Rab1 Ba6 15. b3 Qc8 16. Nd2 Qd7 17. Bc3 Bxc3 18. Qxc3 Nxc4 19. bxc4 Qa4 20. e5 Rxb1 21. Rxb1 dxe5 22. Qe3 Rc8 23. Rb3 Qa5 24. h4 h5 25. Nf3 Ne8 26. Nxe5 Nd6 27. Nc6 Rxc6 28. dxc6 Qc7 29. Qxc5 1-0

[Event "Bayern-chI Bank Hofmann 26th"]
[Site "Tegernsee"]
[Date "2023.11.01"]
[Round "5"]
[White "Gallego Alcaraz, Andres Felipe"]
[Black "Stricker, Florian"]
[Result "1-0"]
[WhiteElo "2495"]
[BlackElo "2238"]
[PlyCount "43"]
[EventDate "2023.10.28"]
[EventType "swiss"]
[EventRounds "9"]
[EventCountry "GER"]
[SourceTitle "CBM 217 Extra"]
[Source "ChessBase"]
[SourceDate "2024.01.31"]
[SourceVersion "1"]
[SourceVersionDate "2024.01.31"]
[SourceQuality "1"]

1. d4 d6 2. Nf3 Nf6 3. c4 g6 4. Nc3 Bg7 5. g3 0-0 6. Bg2 Nc6 7. 0-0 Bf5 8. d5 Na5 9. b3 c5 10. Bb2 Rb8 11. Nd2 a6 12. e4 Bd7 13. Qc2 b5 14. h3 Qc7 15. cxb5 axb5 16. f4 Rfc8 17. Ne2 c4 18. Rfc1 cxb3 19. Qxc7 Rxc7 20. Rxc7 Nxd5 21. exd5 Bxb2 22. Nxb3 1-0

[Event "Bayern-chI Bank Hofmann 26th"]
[Site "Tegernsee"]
[Date "2023.10.31"]
[Round "4"]
[White "Morawietz, Dieter"]
[Black "Gallego Alcaraz, Andres Felipe"]
[Result "1-0"]
[WhiteElo "2378"]
[BlackElo "2495"]
[PlyCount "89"]
[EventDate "2023.10.28"]
[EventType "swiss"]
[EventRounds "9"]
[EventCountry "GER"]
[SourceTitle "CBM 217 Extra"]
[Source "ChessBase"]
[SourceDate "2024.01.31"]
[SourceVersion "1"]
[SourceVersionDate "2024.01.31"]
[SourceQuality "1"]

1. d4 Nf6 2. c4 g6 3. Nc3 Bg7 4. e4 d6 5. Nf3 0-0 6. Be2 Nbd7 7. 0-0 e5 8. Re1 exd4 9. Nxd4 Re8 10. Bf1 Ne5 11. Bg5 h6 12. Bh4 Nc6 13. Nc2 g5 14. Bg3 Nd7 15. Qd2 Nc5 16. f3 a5 17. Rad1 Be6 18. b3 Be5 19. Nb5 Qe7 20. Ne3 Nb4 21. Nd5 Bxd5 22. exd5 Qd8 23. f4 gxf4 24. Bxf4 Bxf4 25. Qxf4 Qg5 26. Qxg5+ hxg5 27. Nxc7 Rxe1 28. Rxe1 Rc8 29. Nb5 Nxa2 30. Ra1 Nb4 31. Rxa5 b6 32. Ra1 Rd8 33. Be2 Kg7 34. Rf1 Nc2 35. Rf3 f6 36. Bd1 Nb4 37. Nd4 Kg6 38. Nc6 Nxc6 39. Bc2+ Kf7 40. dxc6 Na6 41. Bf5 d5 42. Rh3 Ke7 43. Rh7+ Kd6 44. cxd5 Nc7 45. Rd7+ 1-0

[Event "Bayern-chI Bank Hofmann 26th"]
[Site "Tegernsee"]
[Date "2023.10.29"]
[Round "2"]
[White "Jetzl, Joerg"]
[Black "Gallego Alcaraz, Andres Felipe"]
[Result "0-1"]
[WhiteElo "2181"]
[BlackElo "2495"]
[PlyCount "95"]
[EventDate "2023.10.28"]
[EventType "swiss"]
[EventRounds "9"]
[EventCountry "GER"]
[SourceTitle "CBM 217 Extra"]
[Source "ChessBase"]
[SourceDate "2024.01.31"]
[SourceVersion "1"]
[SourceVersionDate "2024.01.31"]
[SourceQuality "1"]

1. d4 Nf6 2. c4 c5 3. d5 b5 4. cxb5 a6 5. bxa6 g6 6. Nc3 Bxa6 7. e4 Bxf1 8. Kxf1 d6 9. g3 Bg7 10. Kg2 0-0 11. Nf3 Nbd7 12. a4 Qb6 13. Qc2 Rfb8 14. Nb5 Ne8 15. Bd2 Nc7 16. Nxc7 Qxc7 17. Rab1 Rb7 18. b3 Qb8 19. h4 h5 20. Rhe1 Ra6 21. Bg5 Kf8 22. Qe2 Rab6 23. Nd2 Ne5 24. Bf4 Rb4 25. Bxe5 Bxe5 26. Rbc1 Bg7 27. g4 hxg4 28. h5 Rd4 29. hxg6 Qc8 30. Rh1 fxg6 31. Rh7 Kg8 32. Rch1 Rb8 33. Qe3 Qf8 34. Nc4 Qf3+ 35. Qxf3 gxf3+ 36. Kg3 Rxb3 37. Na5 Be5+ 38. Kg4 Rxe4+ 39. Kg5 Rb1 40. Kxg6 Rxh1 41. Rxh1 Rxa4 42. Nc6 Bf6 43. Rb1 Rg4+ 44. Kf5 Rg2 45. Ke6 Rxf2 46. Nxe7+ Kg7 47. Rg1+ Rg2 48. Rf1 0-1

[Event "Titled Tuesday intern op 17th May Early"]
[Site "Chess.com INT"]
[Date "2022.05.17"]
[Round "4"]
[White "Gallego Alcaraz, Andres Felipe"]
[Black "D'Arruda, Ricardo D"]
[Result "1-0"]
[WhiteElo "2499"]
[BlackElo "2271"]
[PlyCount "85"]
[EventDate "2022.05.17"]
[EventType "swiss (blitz)"]
[EventRounds "11"]
[EventCountry "USA"]
[SourceTitle "CBM 208 Extra"]
[Source "ChessBase"]
[SourceDate "2022.07.31"]
[SourceVersion "1"]
[SourceVersionDate "2022.07.31"]
[SourceQuality "1"]

1. d4 Nf6 2. c4 e5 3. dxe5 Ne4 4. Nd2 Nc5 5. Ngf3 Nc6 6. a3 Qe7 7. e3 Nxe5 8. Qc2 d6 9. Be2 g6 10. 0-0 Bg7 11. Nd4 a5 12. b3 Ng4 13. Bxg4 Bxg4 14. Bb2 0-0 15. b4 axb4 16. axb4 Na6 17. Bc3 c5 18. bxc5 Nxc5 19. N2b3 Bd7 20. Rfb1 Rxa1 21. Rxa1 Rc8 22. Nd2 Qd8 23. Qd1 Ra8 24. Rb1 Ra3 25. Bb2 Ra2 26. N2b3 Na4 27. Ba1 Qa8 28. Nc2 Nc3 29. Bxc3 Bxc3 30. h3 Bf5 31. Rc1 Qa4 32. Nbd4 Bxd4 33. Nxd4 Bd7 34. Qf3 Ra1 35. Rxa1 Qxa1+ 36. Kh2 Qa6 37. Qd5 Qb6 38. h4 h5 39. Qg5 Qc5 40. Qd8+ Kg7 41. Qxd7 Qe5+ 42. g3 Qf6 43. Kg2 1-0

[Event "Titled Tuesday intern op 17th May Early"]
[Site "Chess.com INT"]
[Date "2022.05.17"]
[Round "7"]
[White "Gallego Alcaraz, Andres Felipe"]
[Black "McCoy, Owen"]
[Result "1-0"]
[WhiteElo "2499"]
[BlackElo "2085"]
[PlyCount "93"]
[EventDate "2022.05.17"]
[EventType "swiss (blitz)"]
[EventRounds "11"]
[EventCountry "USA"]
[SourceTitle "CBM 208 Extra"]
[Source "ChessBase"]
[SourceDate "2022.07.31"]
[SourceVersion "1"]
[SourceVersionDate "2022.07.31"]
[SourceQuality "1"]

1. d4 Nf6 2. c4 g6 3. Nf3 Bg7 4. Nc3 0-0 5. e4 d6 6. Be2 e5 7. 0-0 Nc6 8. d5 Ne7 9. Bg5 Nd7 10. Re1 a6 11. b4 Qe8 12. Rc1 h6 13. Bd2 f5 14. Bf1 f4 15. c5 g5 16. cxd6 cxd6 17. b5 Ng6 18. h3 Nf6 19. Na4 g4 20. hxg4 Bxg4 21. Nb6 Nh4 22. Be2 Bxf3 23. Bxf3 Ra7 24. Nc8 Qxc8 25. Rxc8 Rxc8 26. b6 Raa8 27. Bg4 Rc4 28. g3 Ng6 29. Be6+ Kh8 30. Bf5 Ne7 31. gxf4 exf4 32. Qe2 Rc2 33. Qd3 Rxa2 34. Bxf4 Rd8 35. Be6 Ng6 36. Bg3 Rb2 37. Kg2 Rxb6 38. Rh1 Rb2 39. Qe3 Ng8 40. Bxg8 Kxg8 41. Rxh6 Bxh6 42. Qxh6 Nf8 43. Bxd6 Re8 44. Qg5+ Kf7 45. Be5 Re2 46. Qf6+ Kg8 47. Qg7# 1-0

[Event "Titled Tuesday intern op 17th May Early"]
[Site "Chess.com INT"]
[Date "2022.05.17"]
[Round "1"]
[White "Gallego Alcaraz, Andres Felipe"]
[Black "Mickiewicz, Piotr"]
[Result "1-0"]
[WhiteElo "2499"]
[BlackElo "2302"]
[PlyCount "99"]
[EventDate "2022.05.17"]
[EventType "swiss (blitz)"]
[EventRounds "11"]
[EventCountry "USA"]
[SourceTitle "CBM 208 Extra"]
[Source "ChessBase"]
[SourceDate "2022.07.31"]
[SourceVersion "1"]
[SourceVersionDate "2022.07.31"]
[SourceQuality "1"]

1. d4 Nf6 2. c4 g6 3. Nf3 Bg7 4. Nc3 0-0 5. e4 d6 6. Be2 e5 7. 0-0 Nc6 8. d5 Ne7 9. Bg5 h6 10. Bxf6 Bxf6 11. Nd2 h5 12. b4 Bg5 13. c5 f5 14. Nc4 Kg7 15. a4 Ng8 16. a5 Nf6 17. Bd3 h4 18. Qc2 h3 19. g3 f4 20. Nd2 fxg3 21. hxg3 Ng4 22. Be2 h2+ 23. Kg2 Rxf2+ 24. Kh1 Ne3 25. Qd3 Nxf1 26. Rxf1 Rxf1+ 27. Nxf1 Bh3 28. Nxh2 Qf6 29. Nf3 Bg4 30. Nb5 Rf8 31. Kg2 Bxf3+ 32. Bxf3 Qe7 33. c6 a6 34. Nc3 bxc6 35. dxc6 Qe6 36. Nd5 Bd8 37. Qxa6 Rh8 38. g4 Qf7 39. Qe2 Bg5 40. a6 Bf4 41. Kg1 Rh2 42. Qd3 Bg3 43. a7 Ra2 44. Qe3 Bf2+ 45. Qxf2 Rxf2 46. Kxf2 Qf8 47. Nxc7 Qf4 48. Ne6+ Kf6 49. Nxf4 exf4 50. a8Q 1-0

[Event "Titled Tuesday intern op 17th May Early"]
[Site "Chess.com INT"]
[Date "2022.05.17"]
[Round "5"]
[White "Indjic, Aleksandar"]
[Black "Gallego Alcaraz, Andres Felipe"]
[Result "1-0"]
[WhiteElo "2621"]
[BlackElo "2499"]
[PlyCount "69"]
[EventDate "2022.05.17"]
[EventType "swiss (blitz)"]
[EventRounds "11"]
[EventCountry "USA"]
[SourceTitle "CBM 208 Extra"]
[Source "ChessBase"]
[SourceDate "2022.07.31"]
[SourceVersion "1"]
[SourceVersionDate "2022.07.31"]
[SourceQuality "1"]

1. e4 c5 2. f4 Nc6 3. Bb5 Nd4 4. Bc4 e6 5. Nf3 a6 6. Nxd4 cxd4 7. Qe2 Nf6 8. Bb3 d5 9. e5 Nd7 10. d3 Nc5 11. 0-0 a5 12. a3 Nxb3 13. cxb3 Qb6 14. Nd2 Be7 15. Nf3 Bd7 16. Kh1 0-0 17. Nxd4 Rac8 18. Be3 Bc5 19. Qf2 Bb5 20. Rad1 g6 21. h4 h5 22. g4 hxg4 23. Rg1 Kg7 24. Rxg4 Rh8 25. f5 exf5 26. Nxf5+ Kf8 27. Bxc5+ Qxc5 28. Nd4 Qe7 29. Nxb5 Qd7 30. Rf1 Rh7 31. Rxg6 Qxb5 32. Qg3 Re8 33. Qg5 Rh8 34. Rxf7+ Kxf7 35. Qf6# 1-0